Central Library OPAC University of Rajshahi

কাবা ঘুরে এলাম / (Record no. 55994)

MARC details
000 -LEADER
fixed length control field 00942nam a2200241 a 4500
001 - CONTROL NUMBER
control field 55994
003 - CONTROL NUMBER IDENTIFIER
rucl marc code BD-RjUL
005 - DATE AND TIME OF LATEST TRANSACTION
control field 20211209080336.0
008 - FIXED-LENGTH DATA ELEMENTS--GENERAL INFORMATION
fixed length control field 161124r19591962bg ||||| |||| 00| 0 ben d
020 ## - INTERNATIONAL STANDARD BOOK NUMBER
Terms of availability : TK 3.00
035 ## - SYSTEM CONTROL NUMBER
System control number (BD-RjUL)56118
040 ## - CATALOGING SOURCE
Original cataloging agency BD-RjUL
Language of cataloging ben
Transcribing agency BD-RjUL
041 ## - LANGUAGE CODE
Language code of text/sound track or separate title ben
082 ## - DEWEY DECIMAL CLASSIFICATION NUMBER
Edition number 23
Classification number 915.38
Author mark and year MOK 1962
100 ## - MAIN ENTRY--PERSONAL NAME
Personal name মোতাদাইয়েন, মুহম্মদ
9 (RLIN) 166683
245 10 - TITLE STATEMENT
Title কাবা ঘুরে এলাম /
Statement of responsibility, etc. মুহম্মদ মোতাদাইয়েন
250 ## - EDITION STATEMENT
Edition statement পরি. ও পরিমার্জিত সং .
260 ## - PUBLICATION, DISTRIBUTION, ETC. (IMPRINT)
Place of publication, distribution, etc. ঢাকা :
Name of publisher, distributor, etc. মুহম্মদ মোতাদাইয়েন,
Date of publication, distribution, etc. ১৯৬২
300 ## - PHYSICAL DESCRIPTION
Pagination [১২], ২১২ পৃ. ;
Size ১৭ সেমি .
650 ## - SUBJECT ADDED ENTRY--TOPICAL TERM
Topical term or geographic name as entry element এশিয়া ভ্রমণ
9 (RLIN) 165234
Geographic subdivision সৌদি আরব
Topical term or geographic name as entry element Travel In Asia
9 (RLIN) 165235
Geographic subdivision Saudi Arabia
942 ## - ADDED ENTRY ELEMENTS (KOHA)
Source of classification or shelving scheme Dewey Decimal Classification
Koha item type Books
Holdings
Lost status Source of classification or shelving scheme Damaged status Not for loan Collection code Permanent Location Current Location Shelving location Date acquired Source of acquisition Cost, normal purchase price Total Checkouts Full call number Date last seen Copy number Koha item type
  Dewey Decimal Classification     Non-fiction Central Library, University of Rajshahi Central Library, University of Rajshahi   05/07/1968 Nawroge kitabstan, Dhaka 3.00   B 915.38 MOK 1962 24/11/2016 C-2 Books